| 000 | 00664nam a2200181Ia 4500 | ||
|---|---|---|---|
| 005 | 20240530095410.0 | ||
| 008 | 140319s2001 xx 000 0 ara d | ||
| 040 |
_aGCL / _cGCL |
||
| 082 | 0 | 4 |
_a350 / _bم م |
| 110 | 0 | _aمعهد الادارة العامة | |
| 245 | 1 | 0 |
_aمعهد الادارة العامة : _bنشاة وتطور / _cمعهد الادارة العامة |
| 260 |
_aالرياض : _bمعهد الادارة العامة ، _c2001 |
||
| 300 |
_a279 ص ؛ _c32 سم |
||
| 650 | 0 | 4 | _aالادارة العامة |
| 650 | 0 | 4 | _aالسعودية - الادارة العامة |
| 942 |
_2ddc _cBK |
||
| 999 |
_c6858 _d6858 |
||